Catálogo
 En Linea

Nutrición infantil en paises en desarrollo / (Registro nro. 22187)

Detalles MARC
000 -CABECERA
campo de control de longitud fija 00627nam a2200181 a 4500
001 - NÚMERO DE CONTROL
campo de control 000022690
005 - FECHA Y HORA DE LA ÚLTIMA TRANSACCIÓN
campo de control 20200930021736.0
008 - DATOS DE LONGITUD FIJA--INFORMACIÓN GENERAL
campo de control de longitud fija 101115s1971 mx c r 001 0 spa d
040 ## - FUENTE DE LA CATALOGACIÓN
Centro catalogador/agencia de origen DO-SdBNP
Lengua de catalogación spa
Centro/agencia transcriptor BNPHU
082 ## - NÚMERO DE LA CLASIFICACIÓN DECIMAL DEWEY
Número de clasificación xxxx
Número de documento/Ítem J48n
049 ## - FONDOS LOCALES (OCLC)
Fondos de biblioteca BNGR
100 1# - ENTRADA PRINCIPAL--NOMBRE DE PERSONA
Nombre de persona Jelliffe, Derrick B.
9 (RLIN) 46657
245 10 - MENCIÓN DE TÍTULO
Título Nutrición infantil en paises en desarrollo /
Mención de responsabilidad, etc. Derrick B. Jelliffe ; traducción Antonio Bosch Tejeda.
260 ## - PUBLICACIÓN, DISTRIBUCIÓN, ETC.
Lugar de publicación, distribución, etc. México, D. F. :
Nombre del editor, distribuidor, etc. Centro Regional de Ayuda Técnico,
Fecha de publicación, distribución, etc. 1971.
300 ## - DESCRIPCIÓN FÍSICA
Extensión vii, 263 p. :
Otras características físicas retrs. ;
Dimensiones 22 cm.
500 ## - NOTA GENERAL
Nota general Incluye índice alfabético.
700 1# - PUNTO DE ACCESO ADICIONAL--NOMBRE DE PERSONA
Nombre de persona Bosch Tejeda, Antonio,
Término indicativo de función/relación tr.
9 (RLIN) 46658
Existencias
Estado de retiro Estado de pérdida Restricciones de uso No para préstamo Código de colección Localización permanente Ubicación/localización actual Ubicación en estantería Fecha de adquisición Número de inventario Total de préstamos Signatura topográfica completa Código de barras Fecha visto por última vez Precio válido a partir de Tipo de ítem Koha Número de copia
        Monografías: Libros y Folletos General General En catalogación 15.11.2010 LF1   xxxx J48n 22690-10 25.06.2020 25.06.2020 Préstamo en sala  
      Préstamo restrigido Monografías: Libros y Folletos General General En catalogación 16.11.2010 LF1   xxxx J48n 22690-20 25.06.2020 25.06.2020 Préstamo en sala e. 2

Con tecnología Koha